牛蛙

資料類型: Book 圖書   書目號:53845

Leader xxxxxxxxxx
001 __ PCLIS00053845
005 __ 20230110150431.0
010 0_ |a978-986-97495-1-0|b平裝|dNT$380
100 __ |a20200415d2019    m  y0chiy09      e
101 0_ |achi
102 __ |atw
105 __ |ay   z   000ay
200 1_ |a牛蛙|dBullfrog|zeng|f胡遷作
205 __ |a初版
210 __ |a臺北市|c新經典圖文傳播出版|c高寶總經銷|d2019[民108]
215 0_ |a322面|d21公分|e1冊胡遷詩集
225 1_ |a文學森林|vLF0207
300 __ |a胡遷本名胡波
300 __ |a附件別冊內容為胡遷詩集《坍塌》
300 __ |a附錄: 胡遷2017年訪談精華
510 1_ |aBullfrog|zeng
606 __ |2cst|a中國文學
606 __ |2cst|a小說
606 __ |2cst|a長篇小說
681 __ |a857.7|b847
700 _0 |a|b|f1988-2017|4801 _0 |atw|b內湖高中|c20200415|gCCR
801 _2 |atw|b內湖高中|c20230110|gCCR
詳細館藏(共 1 筆)
索 書 號登 錄 號冊次號館別 / 館藏地流通類型狀態加入預約清單電子資源
857.7 / 847 1026453  圖書館 / 一樓普通區 可外借30天 在館   

| 條列資料




目錄查詢 分類查詢 個人資料 圖書薦購 新書查詢 閉館日 排行榜 更多電子資源 Hami書城 線上資料庫 登出

From : 216.73.217.87

  本日流通累計至 08:33:59 借閱 : 4 次 續借 : 0 次 歸還 : 4 次 預約 : 0 次 電子資源 : 0 次


內湖高中圖書館  PCLIS 版本  26.5.0.12